000 00291nam a22001337a 4500
008 210519b ||||| |||| 00| 0 eng d
041 _aeng
080 _a721
082 _a721
100 _a41
101 _aNDER
245 _aCarpenters and Builders Library
_cBall,J.E
942 _2udc
_cBK
999 _c57494
_d57494